Discovering Computers (Record no. 18350)

MARC details
000 -LEADER
fixed length control field 00470nam a22001937a 4500
005 - DATE AND TIME OF LATEST TRANSACTION
control field 20230515125414.0
008 - FIXED-LENGTH DATA ELEMENTS--GENERAL INFORMATION
fixed length control field 230515b |||||||| |||| 00| 0 eng d
020 ## - INTERNATIONAL STANDARD BOOK NUMBER
ISBN 9781111530488
082 ## - DEWEY DECIMAL CLASSIFICATION NUMBER
Classification number 004
Item number SHE-D
100 ## - MAIN ENTRY--AUTHOR
Author Name Shelly;Gary.B
245 ## - TITLE STATEMENT
Title Discovering Computers
260 ## - PUBLICATION, DISTRIBUTION, ETC.
Place of Publication USA
Name of publisher, distributor, etc. Cengage Learning
Date of publication, distribution, etc. 2012
300 ## - PHYSICAL DESCRIPTION
Pages 616
490 ## - SERIES STATEMENT
Series Statement Shelly Cashman Series
500 ## - GENERAL NOTE
General note Includes Index
650 ## - SUBJECT ADDED ENTRY--TOPICAL TERM
Subject / Department Computer
700 ## - ADDED ENTRY--PERSONAL NAME
Personal name Gary B. Shelly
952 ## - LOCATION AND ITEM INFORMATION (KOHA)
-- 0
-- 0
952 ## - LOCATION AND ITEM INFORMATION (KOHA)
-- 0
-- 0
Holdings
Lost status Damaged status Collection code Permanent Location Current Location Shelving Location Date acquired Full Call Number Accession No./Barcode Date last seen item type Koha item type Copy number
    CS/IT Superior Information Resource Center (SIRC) Superior University- Gold Campus Superior Information Resource Center (SIRC) Superior University- Gold Campus Computer 05/15/2023 004/SHE-D 15872 05/15/2023 BOOK BOOK  
    CS/IT Superior Information Resource Center (SIRC) Superior University- Gold Campus Superior Information Resource Center (SIRC) Superior University- Gold Campus Computer 05/15/2023 004/SHE-D 15871 05/15/2023 BOOK BOOK C-1

Powered by Koha